000 nam a22 a 4500
999 _c3002
_d3002
003 AKMAL
005 20170519085327.0
008 170519s1984 us 00 eng d
020 _a0201105764
040 _aAKMAL
082 0 4 _a658.1 HEN
090 0 0 _a658.1
_bHEN
100 1 _aHenderson, Glenn V.
_96275
245 1 3 _aAn introduction to financial management /
_cby Glenn V. Henderson
260 _aNew York :
_bAddison-Wesley Publishing Company,
_c1984
300 0 0 _a648p. :
_bill. ;
_c23cm
650 0 _aCorporations
_xFinance
_96090
700 1 _aTrennepohl, Gary L.
_96276
700 1 _aWert, James E.
_96277
942 _2ddc
_cBOOK